Normal view MARC view
  • Readers (Elementary)

Entry Topical Term

Number of records used in: 3

001 - CONTROL NUMBER

  • control field: 4888

003 - CONTROL NUMBER IDENTIFIER

  • control field: OSt

005 - DATE AND TIME OF LATEST TRANSACTION

  • control field: 20170516104358.0

008 - FIXED-LENGTH DATA ELEMENTS

  • fixed length control field: 170516|| aca||aabn | a|a d

040 ## - CATALOGING SOURCE

  • Original cataloging agency: OSt
  • Transcribing agency: OSt

150 ## - HEADING--TOPICAL TERM

  • Topical term or geographic name entry element: Readers (Elementary)

670 ## - SOURCE DATA FOUND

  • Source citation: Work cat.: (OSt): Nelson-Herber, Joan 4887, Meeting challenges /, c1980
Pusat Sumber Maklumat Dato' Haji Sarmin Md Hussin, Akademi Kastam Diraja Malaysia, Melaka
Tel: 06-2331106 | Faks: 06-2313787